Magic squares/ (Record no. 10808)
[ view plain ]
| 000 -LEADER | |
|---|---|
| fixed length control field | 00793 a2200229 4500 |
| 010 ## - LIBRARY OF CONGRESS CONTROL NUMBER | |
| LC control number | ENG-89539 |
| 020 ## - INTERNATIONAL STANDARD BOOK NUMBER | |
| International Standard Book Number | 8179332012 |
| Terms of availability | 90.00 |
| 035 ## - SYSTEM CONTROL NUMBER | |
| System control number | EN-73072 |
| 037 ## - SOURCE OF ACQUISITION | |
| Source of stock number/acquisition | DBAD / VEN |
| 082 14 - DEWEY DECIMAL CLASSIFICATION NUMBER | |
| Classification number | 793.74 |
| 090 ## - LOCALLY ASSIGNED LC-TYPE CALL NUMBER (OCLC); LOCAL CALL NUMBER (OCLC) | |
| -- | 11113 |
| -- | 11113 |
| 100 1# - MAIN ENTRY--PERSONAL NAME | |
| Personal name | Singal, M.K. |
| 245 1# - TITLE STATEMENT | |
| Title | Magic squares/ |
| Statement of responsibility, etc | by M.K. Singal and Saurabh Singal |
| 260 ## - PUBLICATION, DISTRIBUTION, ETC. (IMPRINT) | |
| Place of publication, distribution, etc | Delhi |
| Name of publisher, distributor, etc | Krishna Prakashan Media |
| Date of publication, distribution, etc | 2007 |
| 260 ## - PUBLICATION, DISTRIBUTION, ETC. (IMPRINT) | |
| Place of publication, distribution, etc | Delhi |
| Name of publisher, distributor, etc | Dynamic publications (India) Ltd. |
| Date of publication, distribution, etc | 2007 |
| 270 ## - ADDRESS | |
| Address | 2/11, Ansari Road, Darya Ganj, |
| City | Delhi |
| Postal code | 110002 |
| State or province | Delhi : |
| Telephone number | 41563457-459, |
| Fax number | 41563460 |
| 300 ## - PHYSICAL DESCRIPTION | |
| Extent | xvi, 216, ivp.: |
| Dimensions | 22cm (Pbk) |
| Other physical details | ill. |
| 500 ## - GENERAL NOTE | |
| General note | Includes appendix |
| 700 ## - ADDED ENTRY--PERSONAL NAME | |
| Personal name | Singal, Saurabh |
| 942 ## - ADDED ENTRY ELEMENTS (KOHA) | |
| Institution code [OBSOLETE] | dpl |
| Koha item type | English Books |
| Call number prefix | 793.74/ SIN |
| Withdrawn status | Lost status | Source of classification or shelving scheme | Damaged status | Not for loan | Collection code | Home library | Current library | Source of acquisition | Cost, normal purchase price | Total Checkouts | Full call number | Barcode | Date last seen | Copy number | Uniform Resource Identifier | Cost, replacement price | Price effective from | Koha item type |
|---|---|---|---|---|---|---|---|---|---|---|---|---|---|---|---|---|---|---|
| Dewey Decimal Classification | Not For Loan | Non-fiction | D.B.Act.Division | D.B.Act.Division | DBAD/PUB | 90.00 | 793.74 SIN | EN-73072 | 15/09/2008 | 1 | 11904 | 90.00 | 15/09/2008 | English Books |
